Výber zdravotníckych informácií SSR

Gespeichert in:
Bibliographische Detailangaben
Format: Buch
Sprache:Slowakisch
Veröffentlicht: Bratislava Ústav zdravotníckych informácií a štatistiky 1985
Tags: Tag hinzufügen
Keine Tags, Fügen Sie das erste Tag hinzu!

MARC

LEADER 00000nam a2200000 4500
001 c110686
005 20251111092740.9
041 0 |a slo 
044 |a SK 
245 1 0 |a Výber zdravotníckych informácií SSR 
264 1 |a Bratislava  |b Ústav zdravotníckych informácií a štatistiky  |c 1985 
300 |a 98 s.